Media Plus Self Study Guide MCSE / (Record no. 617410)

000 -LEADER
fixed length control field 00430nam a22001577a 4500
003 - CONTROL NUMBER IDENTIFIER
control field NUST
005 - DATE AND TIME OF LATEST TRANSACTION
control field 20260512125839.0
008 - FIXED-LENGTH DATA ELEMENTS--GENERAL INFORMATION
fixed length control field 260512b ||||| |||| 00| 0 eng d
082 ## - DEWEY DECIMAL CLASSIFICATION NUMBER
Classification number 005.44769
Author Mark BIL
100 ## - MAIN ENTRY--PERSONAL NAME
Personal name Bilal Ahmad.
9 (RLIN) 93201
245 ## - TITLE STATEMENT
Title Media Plus Self Study Guide MCSE /
Statement of responsibility, etc. Bilal Ahmad.
260 ## - PUBLICATION, DISTRIBUTION, ETC.
Place of publication, distribution, etc. Lahore:
Name of publisher, distributor, etc. Dogar Group of Publisher,
Date of publication, distribution, etc. 2000.
300 ## - PHYSICAL DESCRIPTION
Extent 320 p ;
Dimensions 25.4 cm
563 ## - BINDING INFORMATION
Binding note Paperback
942 ## - ADDED ENTRY ELEMENTS (KOHA)
Source of classification or shelving scheme
Koha item type Book
Holdings
Withdrawn status Lost status Source of classification or shelving scheme Damaged status Not for loan Permanent Location Current Location Date acquired Total Checkouts Full call number Barcode Date last seen Price effective from Koha item type
          Institute of Geographical Information Systems (IGIS) Institute of Geographical Information Systems (IGIS) 05/12/2026   005.44769 BIL IGIS-710 05/12/2026 05/12/2026 Book
© 2023 Central Library, National University of Sciences and Technology. All Rights Reserved.